[Event "POL-chT3 Dolnoslaskie 1617"]
[Site "Poland"]
[Date "2017.01.22"]
[Round "6.14"]
[White "Bielinski, Kazimierz"]
[Black "Kisiel, Zbigniew"]
[Result "1-0"]
[WhiteElo "1643"]
[BlackElo "1404"]
[PlyCount "69"]
[EventDate "2016.10.16"]
[EventType "team-tourn"]
[EventRounds "11"]
[EventCountry "POL"]
[SourceTitle "EXT 2018"]
[Source "ChessBase"]
[SourceDate "2017.10.13"]
[SourceVersion "1"]
[SourceVersionDate "2017.10.13"]
[SourceQuality "1"]

1. e4 c5 2. Nf3 Nc6 3. d4 cxd4 4. Nxd4 g6 5. c3 e6 6. Be3 Bg7 7. Be2 Nge7 8. 0-0 0-0 9. Na3 a6 10. Qd2 e5 11. Nb3 f5 12. f3 f4 13. Bf2 d6 14. Rfd1 Be6 15. Qxd6 Qxd6 16. Rxd6 Bxb3 17. axb3 Nc8 18. Rd7 b5 19. Nxb5 N8e7 20. Bc4+ Kh8 21. Nc7 Rad8 22. Rad1 Rxd7 23. Rxd7 a5 24. Bc5 Bf6 25. Nd5 h5 26. Nxe7 Nxe7 27. Bxe7 Bxe7 28. Rxe7 Rd8 29. Bd5 Rc8 30. Bf7 Rc6 31. Rxe5 Kg7 32. Bc4 Rd6 33. Rd5 Rf6 34. Rxa5 Kh6 35. Ra6 1-0

[Event "POL-chT3 Dolnoslaskie 1617"]
[Site "Poland"]
[Date "2017.01.08"]
[Round "5.14"]
[White "Bielinski, Kazimierz"]
[Black "Olszewski, Pawel"]
[Result "0-1"]
[WhiteElo "1643"]
[BlackElo "1835"]
[PlyCount "134"]
[EventDate "2016.10.16"]
[EventType "team-tourn"]
[EventRounds "11"]
[EventCountry "POL"]
[SourceTitle "EXT 2018"]
[Source "ChessBase"]
[SourceDate "2017.10.13"]
[SourceVersion "1"]
[SourceVersionDate "2017.10.13"]
[SourceQuality "1"]

1. e4 e5 2. Nf3 Nc6 3. Bb5 a6 4. Ba4 Nf6 5. 0-0 Be7 6. Re1 b5 7. Bb3 0-0 8. c3 d5 9. exd5 Nxd5 10. Nxe5 Nxe5 11. Rxe5 c6 12. d3 Bd6 13. Re1 Qh4 14. g3 Qh3 15. Re4 Nf6 16. Rh4 Qf5 17. Bf4 Be7 18. Be3 Ng4 19. Rxg4 Qxg4 20. Nd2 Qg6 21. d4 Be6 22. Nf3 Bd5 23. Bxd5 cxd5 24. Ne5 Qe4 25. Qd3 Qxd3 26. Nxd3 Rac8 27. a3 Rc6 28. Kg2 g5 29. h3 h6 30. Re1 Re6 31. Ne5 Bd6 32. Nd3 f5 33. Kf3 Re4 34. Rg1 Kh7 35. Nc5 Bxc5 36. dxc5 Rf6 37. Rd1 g4+ 38. Kg2 gxh3+ 39. Kxh3 f4 40. gxf4 Rf5 41. Kg4 Kg6 42. Rh1 a5 43. Rxh6+ Kxh6 44. Kxf5 Kg7 45. c6 Kf7 46. Bb6 a4 47. Bd8 Ke8 48. c7 Kd7 49. f3 Re2 50. Kg4 Rxb2 51. f5 Rg2+ 52. Kf4 d4 53. cxd4 b4 54. f6 Rg8 55. axb4 a3 56. Be7 a2 57. f7 Rh8 58. f8Q Rxf8+ 59. Bxf8 a1Q 60. Bc5 Kxc7 61. Ke4 Kd7 62. f4 Qe1+ 63. Kf5 Qe6+ 64. Kg5 Ke8 65. Kh4 Kf7 66. Kg3 Qe2 67. Kh4 Qg2 0-1

[Event "Polanica Zdroj op-D 49th"]
[Site "Polanica Zdroj"]
[Date "2013.08.19"]
[Round "3"]
[White "Bielinski, Kazimierz"]
[Black "Golecki, Jan"]
[Result "1-0"]
[WhiteElo "1781"]
[BlackElo "1532"]
[PlyCount "101"]
[EventDate "2013.08.17"]
[EventType "swiss"]
[EventRounds "9"]
[EventCountry "POL"]
[SourceTitle "EXT 2014"]
[Source "ChessBase"]
[SourceDate "2013.11.20"]
[SourceVersion "1"]
[SourceVersionDate "2013.11.20"]
[SourceQuality "1"]

1. e4 c5 2. Nf3 e6 3. d4 cxd4 4. Nxd4 Nf6 5. Nc3 Nc6 6. a3 d5 7. Bb5 Bd7 8. exd5 exd5 9. 0-0 Be7 10. Re1 0-0 11. Bf4 Bc5 12. Nb3 Bg4 13. Qd3 Bd6 14. Bxd6 Qxd6 15. f3 Bh5 16. Qd2 a6 17. Bc4 Rad8 18. Rad1 dxc4 19. Qxd6 Rxd6 20. Rxd6 cxb3 21. cxb3 Bg6 22. Nd5 Nxd5 23. Rxd5 f6 24. Rd7 Rc8 25. Rxb7 Ne5 26. Re2 Nd3 27. h4 Nc5 28. Ra7 Nxb3 29. Ree7 Nd4 30. Rxg7+ Kf8 31. h5 Nc6 32. hxg6 Nxa7 33. Rxa7 hxg6 34. Rxa6 Ke7 35. Rb6 g5 36. Kf2 Rc2+ 37. Kg3 Kf7 38. a4 f5 39. a5 f4+ 40. Kh3 Rc1 41. a6 Ra1 42. b4 Ke7 43. b5 Kf7 44. Rc6 Ra5 45. Rb6 Ke7 46. Kg4 Ra2 47. Kxg5 Rxg2+ 48. Kxf4 Ra2 49. Rb7+ Kd6 50. a7 Ra4+ 51. Kg3 1-0

[Event "Polanica Zdroj op-D 48th"]
[Site "Polanica Zdroj"]
[Date "2012.08.22"]
[Round "5"]
[White "Szydelko, Marcin"]
[Black "Bielinski, Kazimierz"]
[Result "1-0"]
[WhiteElo "1869"]
[BlackElo "1763"]
[PlyCount "99"]
[EventDate "2012.08.18"]
[EventType "swiss"]
[EventRounds "9"]
[EventCountry "POL"]
[SourceTitle "EXT 2014"]
[Source "ChessBase"]
[SourceDate "2013.11.20"]
[SourceVersion "1"]
[SourceVersionDate "2013.11.20"]
[SourceQuality "1"]

1. e4 c5 2. Nc3 Nc6 3. g3 d6 4. Bg2 g6 5. f4 Bg7 6. Nf3 Bg4 7. h3 Bxf3 8. Bxf3 e6 9. 0-0 Nd4 10. Bg2 Ne7 11. Ne2 Nxe2+ 12. Qxe2 Nc6 13. c3 0-0 14. d3 Qd7 15. Be3 Rab8 16. g4 Ne7 17. Rae1 a6 18. h4 b5 19. f5 exf5 20. gxf5 gxf5 21. exf5 Bf6 22. Qg4+ Kh8 23. Bg5 Ng8 24. Re3 Rbe8 25. Rg3 Be5 26. Bf4 f6 27. Bc6 Qf7 28. Bxe8 Rxe8 29. Bxe5 fxe5 30. f6 Nh6 31. Qg7+ Qxg7 32. fxg7+ Kg8 33. Rf6 Nf7 34. Kf2 Rd8 35. Ke3 a5 36. Ke4 d5+ 37. Kf5 b4 38. Ke6 Rd6+ 39. Ke7 Rxf6 40. Kxf6 bxc3 41. bxc3 Nd6 42. Rg1 e4 43. Ke5 Nb5 44. dxe4 dxe4 45. c4 Nc3 46. Rg3 Nxa2 47. Kxe4 Nb4 48. h5 h6 49. Kf5 Nc6 50. Kf6 1-0

[Event "Polanica Zdroj op-D 48th"]
[Site "Polanica Zdroj"]
[Date "2012.08.18"]
[Round "1"]
[White "Hosiawa, Klara"]
[Black "Bielinski, Kazimierz"]
[Result "0-1"]
[WhiteElo "1365"]
[BlackElo "1763"]
[PlyCount "92"]
[EventDate "2012.08.18"]
[EventType "swiss"]
[EventRounds "9"]
[EventCountry "POL"]
[SourceTitle "EXT 2014"]
[Source "ChessBase"]
[SourceDate "2013.11.20"]
[SourceVersion "1"]
[SourceVersionDate "2013.11.20"]
[SourceQuality "1"]

1. e4 c5 2. Nf3 d6 3. d4 cxd4 4. Nxd4 a6 5. a4 Nf6 6. Nc3 Qa5 7. Nb3 Qe5 8. Bd3 d5 9. f4 Qe6 10. e5 Nfd7 11. 0-0 Qb6+ 12. Kh1 e6 13. Qf3 Bb4 14. Be3 Qc7 15. Bd4 Nc6 16. Be3 Bxc3 17. bxc3 Nb6 18. Qg3 0-0 19. f5 exf5 20. Bh6 f6 21. Bxf5 Bxf5 22. Rxf5 Nxe5 23. Raf1 Kh8 24. Bf4 Nbd7 25. Nd4 Qc4 26. Bxe5 fxe5 27. Rxf8+ Rxf8 28. Rxf8+ Nxf8 29. Nf3 e4 30. Ng1 Qc5 31. Ne2 Kg8 32. Nd4 Qc4 33. h3 Qxa4 34. Nf5 Qd7 35. Nh6+ Kh8 36. Ng4 a5 37. Qb8 Kg8 38. Qg3 Qe6 39. Qe1 b6 40. Qb1 Nd7 41. Qb5 h6 42. Qe2 Qc6 43. Qe1 a4 44. Qa1 b5 45. Qa3 Qc5 46. Qxc5 Nxc5 0-1

[Event "Polanica Zdroj op-B 46th"]
[Site "Polanica Zdroj"]
[Date "2010.08.19"]
[Round "2"]
[White "Dobrzanska, Magdalena"]
[Black "Bielinski, Kazimierz"]
[Result "0-1"]
[WhiteElo "1448"]
[BlackElo "1739"]
[PlyCount "118"]
[EventDate "2010.08.18"]
[EventType "swiss"]
[EventRounds "9"]
[EventCountry "POL"]
[SourceTitle "CBM 138 Extra"]
[Source "ChessBase"]
[SourceDate "2010.10.29"]
[SourceVersion "1"]
[SourceVersionDate "2010.10.29"]
[SourceQuality "1"]

1. d4 Nf6 2. c4 e6 3. Nc3 Bb4 4. Nf3 Ne4 5. Qc2 Nxc3 6. bxc3 Be7 7. Bf4 b6 8. e3 0-0 9. Be2 Nc6 10. 0-0 h6 11. d5 Na5 12. Rfd1 d6 13. Bg3 Qe8 14. Nd4 Bf6 15. Bf3 e5 16. Nb5 Qd7 17. Qe4 a6 18. Na3 Qa4 19. Nc2 Qxc4 20. Qxc4 Nxc4 21. Be4 g6 22. h3 Bg7 23. Nb4 f5 24. Bd3 Nb2 25. Rd2 Nxd3 26. Rxd3 e4 27. Rdd1 Bxc3 28. Rab1 Bb7 29. Rdc1 Bxb4 30. Rxb4 Rac8 31. Rd1 Rcd8 32. Bh4 g5 33. Bg3 Rde8 34. Rc4 Rf7 35. a3 a5 36. Rc3 Ba6 37. Rdc1 Ree7 38. Rd1 h5 39. h4 gxh4 40. Bxh4 Rd7 41. Bg5 Kg7 42. Rdc1 Kg6 43. Bf4 Kf6 44. Bg3 Kg5 45. Bf4+ Kg4 46. Rb1 h4 47. Kh2 Rh7 48. Rg1 Bb7 49. Rd1 Rh5 50. Rdc1 Rhh7 51. Rd1 Ba6 52. Rg1 Bd3 53. f3+ Kh5 54. g4+ hxg3+ 55. Rxg3 Rdg7 56. Rh3+ Kg6 57. Kg2 exf3+ 58. Kf2 Rxh3 59. Rxd3 Kf6 0-1

[Event "Polanica Zdroj op-B 46th"]
[Site "Polanica Zdroj"]
[Date "2010.08.18"]
[Round "1"]
[White "Bielinski, Kazimierz"]
[Black "Lukasiewicz, Anna"]
[Result "0-1"]
[WhiteElo "1739"]
[BlackElo "2097"]
[PlyCount "80"]
[EventDate "2010.08.18"]
[EventType "swiss"]
[EventRounds "9"]
[EventCountry "POL"]
[SourceTitle "CBM 138 Extra"]
[Source "ChessBase"]
[SourceDate "2010.10.29"]
[SourceVersion "1"]
[SourceVersionDate "2010.10.29"]
[SourceQuality "1"]

1. e4 c5 2. Nf3 Nc6 3. d4 cxd4 4. Nxd4 e5 5. Nb5 d6 6. N1c3 a6 7. Na3 b5 8. Nd5 Nce7 9. Be3 Nxd5 10. Qxd5 Be6 11. Qd2 Nf6 12. f3 d5 13. exd5 Nxd5 14. Nb1 Qc7 15. Bd3 Be7 16. Bf2 0-0 17. 0-0 Rad8 18. Rd1 Nb4 19. Qc3 Qb8 20. a3 Rc8 21. Qd2 Nxd3 22. Qxd3 Rfd8 23. Qe2 Rxd1+ 24. Qxd1 Rd8 25. Qe1 Bf5 26. Qe2 Bg5 27. Be1 Qb6+ 28. Kf1 Be6 29. b3 Qd4 30. Bc3 Qd1+ 31. Kf2 Bf5 32. a4 b4 33. Bxb4 Qd4+ 34. Kf1 Qxa1 35. Qe1 Bxc2 36. Nc3 Qxe1+ 37. Kxe1 Bd2+ 38. Ke2 Bxc3 39. Bxc3 Bxb3 40. a5 f6 0-1

[Event "Polanica Zdroj op-C 44th"]
[Site "Polanica Zdroj"]
[Date "2008.08.22"]
[Round "4"]
[White "Bielinski, Kazimierz"]
[Black "Jeske, Jerzy"]
[Result "0-1"]
[WhiteElo "1820"]
[BlackElo "1554"]
[PlyCount "82"]
[EventDate "2008.08.19"]
[EventType "swiss"]
[EventRounds "9"]
[EventCountry "POL"]
[SourceTitle "CBM 126 Extra"]
[Source "ChessBase"]
[SourceDate "2008.11.05"]
[SourceVersion "1"]
[SourceVersionDate "2008.11.05"]
[SourceQuality "1"]

1. d4 Nf6 2. c4 e6 3. Nc3 c5 4. Bg5 cxd4 5. Qxd4 Be7 6. Nb5 0-0 7. a3 Nc6 8. Qd1 d5 9. e3 a6 10. Nc3 d4 11. exd4 Nxd4 12. Nf3 Nxf3+ 13. Qxf3 Qb6 14. Rb1 Bd7 15. Bd3 h6 16. Be3 Qc7 17. 0-0 Bc6 18. Qe2 Rad8 19. f3 Bd6 20. g3 Bxg3 21. hxg3 Rxd3 22. Kf2 Rfd8 23. Rh1 h5 24. Rh3 Qe5 25. Rbh1 Qf5 26. Nd1 Kf8 27. Kg2 g6 28. Nf2 Rb3 29. g4 Nxg4 30. Nxg4 Qxg4+ 31. Kf2 Qf5 32. Rh4 Qf6 33. Rf4 Qxb2 34. Qxb2 Rxb2+ 35. Kg3 Kg8 36. Bd4 Rb3 37. Bf6 Rdd3 38. Rf1 Rxa3 39. Rf2 Rab3 40. Kh4 Bxf3 41. Kg5 Bc6 0-1

[Event "Polanica Zdroj op-C 44th"]
[Site "Polanica Zdroj"]
[Date "2008.08.19"]
[Round "1"]
[White "Rosicki, Pawel"]
[Black "Bielinski, Kazimierz"]
[Result "0-1"]
[WhiteElo "1418"]
[BlackElo "1820"]
[PlyCount "54"]
[EventDate "2008.08.19"]
[EventType "swiss"]
[EventRounds "9"]
[EventCountry "POL"]
[SourceTitle "CBM 126 Extra"]
[Source "ChessBase"]
[SourceDate "2008.11.05"]
[SourceVersion "1"]
[SourceVersionDate "2008.11.05"]
[SourceQuality "1"]

1. e4 c5 2. Nf3 d6 3. d4 cxd4 4. Nxd4 Nf6 5. Nc3 a6 6. Be3 e6 7. Bd3 Be7 8. 0-0 0-0 9. Kh1 Qc7 10. f4 Nc6 11. Nxc6 bxc6 12. e5 dxe5 13. fxe5 Qxe5 14. Bd4 Qh5 15. Be2 Qa5 16. a3 c5 17. Be5 Bb7 18. Bf3 Rad8 19. Qe2 Bd5 20. Bxd5 Nxd5 21. Qg4 g6 22. Qh3 Qb6 23. Ne4 f6 24. Bg3 f5 25. Nc3 Nxc3 26. bxc3 Bf6 27. Rab1 Qc6 0-1

[Event "Polanica Zdroj op-C 43rd"]
[Site "Polanica Zdroj"]
[Date "2007.08.24"]
[Round "8.10"]
[White "Kokurewicz, Konrad"]
[Black "Bielinski, Kazimierz"]
[Result "1-0"]
[WhiteElo "1725"]
[BlackElo "1858"]
[PlyCount "41"]
[EventDate "2007.08.17"]
[EventType "swiss"]
[EventRounds "9"]
[EventCountry "POL"]
[SourceTitle "CBM 120 Extra"]
[Source "ChessBase"]
[SourceDate "2007.11.01"]
[SourceVersion "1"]
[SourceVersionDate "2007.11.01"]
[SourceQuality "1"]

1. e4 c5 2. Nc3 Nc6 3. f4 d6 4. Bb5 Bd7 5. Nf3 g6 6. d3 Bg7 7. Be3 e6 8. 0-0 Nge7 9. Qd2 0-0 10. Rae1 a6 11. Bxc6 Nxc6 12. f5 exf5 13. Bh6 Nd4 14. Bxg7 Nxf3+ 15. Rxf3 Kxg7 16. Nd5 Be6 17. exf5 Bxd5 18. f6+ Kh8 19. Qh6 Qxf6 20. Rxf6 Be6 21. Rexe6 1-0

[Event "Polanica Zdroj op-C 41st "]
[Site "Polanica Zdroj"]
[Date "2005.08.23"]
[Round "5"]
[White "Bielinski, Kazimierz"]
[Black "Smolnicki, Maciej"]
[Result "1/2-1/2"]
[WhiteElo "1858"]
[BlackElo "1800"]
[PlyCount "85"]
[EventDate "2005.08.19"]
[EventType "swiss"]
[EventRounds "9"]
[EventCountry "POL"]
[SourceTitle "EXT 2007"]
[Source "ChessBase"]
[SourceDate "2006.11.23"]
[SourceVersion "1"]
[SourceVersionDate "2006.11.23"]
[SourceQuality "1"]

1. e4 e5 2. Nf3 Nc6 3. Bb5 a6 4. Ba4 d6 5. c3 Bg4 6. d3 Qf6 7. Bxc6+ bxc6 8. Qa4 Kd7 9. Nfd2 Be6 10. Nc4 Bxc4 11. Qxc4 Ne7 12. Qb3 Nc8 13. Be3 c5 14. Qa4+ Kd8 15. 0-0 Nb6 16. Qc6 Qe6 17. b4 Qd7 18. Qb7 Qc8 19. Qxc8+ Kxc8 20. bxc5 dxc5 21. f4 exf4 22. Rxf4 f6 23. Rf5 Nd7 24. Nd2 g6 25. Rf2 Be7 26. Nc4 Rb8 27. h3 Rb5 28. Na3 Rb7 29. Nc4 Rb5 30. Kf1 Rf8 31. Ke2 Ne5 32. Bh6 Rd8 33. Nxe5 Rb2+ 34. Ke3 Rxf2 35. Kxf2 fxe5 36. Ke2 Rd6 37. Rb1 Rb6 38. Rb3 Kd7 39. Be3 Kc6 40. Kd2 a5 41. Kc2 a4 42. Rb2 Bf6 43. Bd2 1/2-1/2

[Event "Polanica Zdroj op-C 41st "]
[Site "Polanica Zdroj"]
[Date "2005.08.22"]
[Round "4"]
[White "Szydelko, Marcin"]
[Black "Bielinski, Kazimierz"]
[Result "1/2-1/2"]
[WhiteElo "1800"]
[BlackElo "1858"]
[PlyCount "63"]
[EventDate "2005.08.19"]
[EventType "swiss"]
[EventRounds "9"]
[EventCountry "POL"]
[SourceTitle "EXT 2007"]
[Source "ChessBase"]
[SourceDate "2006.11.23"]
[SourceVersion "1"]
[SourceVersionDate "2006.11.23"]
[SourceQuality "1"]

1. e4 c5 2. Nf3 d6 3. d4 cxd4 4. Nxd4 Nf6 5. Nc3 a6 6. Be2 e6 7. Be3 Be7 8. Qd2 0-0 9. f4 Nc6 10. 0-0-0 Qc7 11. g4 Nxd4 12. Bxd4 e5 13. fxe5 dxe5 14. Be3 Bxg4 15. Bxg4 Nxg4 16. Rdg1 Nxe3 17. Qxe3 Bc5 18. Qg3 Bxg1 19. Rxg1 f6 20. Nd5 Qf7 21. Ne3 Kh8 22. Nf5 g6 23. Nh4 g5 24. Nf5 Qxa2 25. h4 Rg8 26. Nh6 gxh4 27. Qf2 Qa1+ 28. Kd2 Rxg1 29. Qxf6+ Rg7 30. Nf7+ Kg8 31. Nh6+ Kh8 32. Nf7+ 1/2-1/2